[Event "Flick-SM A"]
[Site "Limhamn"]
[Date "2016.01.23"]
[Round "2"]
[White "Johansson, Stina"]
[Black "Weinman, Rina"]
[Result "0-1"]
[WhiteElo "1340"]
[BlackElo "1544"]
[WhiteTeam "En Passant,Svedala"]
[BlackTeam "Sollentuna SK"]

1.e4 e5 2.Nf3 Nc6 3.d4 exd4 4.Nxd4 d6 5.Bb5 Bd7 6.Nc3 Nf6 7.Bg5 Be7 8.O-O 
O-O 9.Nf5 Bxf5 10.exf5 Qc8 11.Qf3 Nd4 12.Qd3 Nxf5 13.g4 Nh6 14.Bxh6 gxh6 
15.f3 Kh8 16.Qe3 Ng8 17.Bd3 Qe6 18.Qd4+ Bf6 19.Qf2 Qd7 20.Qd2 Bg5 21.f4 
Qxg4+ 22.Kh1 Bf6 23.Rg1 Qf3+ 24.Rg2 d5 25.Rf1 Qh5 26.f5 Bg5 27.Rxg5 Qxg5 
28.Qe2 Rae8 29.Qf2 Qe3 30.Qh4 Qg5 31.Qf2 Nf6 32.Rg1 Qh5 33.Qd4 Qf3+ 34.Rg2
Re1+ 35.Qg1 Rxg1+ 36.Kxg1 Rg8 37.Bf1 Rxg2+ 38.Bxg2 Qxf5 39.Nb5 Ng4 40.Nxc7
Qxc2 41.Nxd5 Qf2+ 42.Kh1 Ne3 43.Nxe3 Qxe3 44.Bxb7 f5 45.Kg2 f4 46.a4 Qe2+ 
47.Kh3 f3 48.a5 f2 49.Bg2 f1=Q 50.Bxf1 Qxf1+ 51.Kh4 Qg1 52.Kh3 Kg7 53.Kh4 
Kf6 54.Kh5 Qg5# 0-1

[Event "Flick-SM A"]
[Site "Limhamn"]
[Date "2016.01.23"]
[Round "2"]
[White "Westin, Louise"]
[Black "Paltzer, Brandy"]
[Result "1/2-1/2"]
[WhiteElo "1763"]
[BlackElo "1590"]
[WhiteTeam "Limhamns SK"]
[BlackTeam "Täby SK"]

1.d4 d5 2.c4 e6 3.Nc3 Nf6 4.cxd5 exd5 5.Bf4 Be6 6.Qb3 Nc6 7.Qxb7 Nxd4 8.
Rc1 Qc8 9.Qxc7 Qxc7 10.Bxc7 Bb4 11.e3 Nf5 12.Nf3 O-O 13.Ba6 Ne4 14.O-O Nc5
15.Be2 Rac8 16.Bf4 Ne4 17.Nb5 a5 18.a3 Be7 19.Nfd4 Bd7 20.Rfd1 Nxd4 21.
Nxd4 Bf6 22.f3 Bxd4 23.exd4 Nf6 24.Rc7 Ba4 25.Rdc1 Rb8 26.R7c2 Rb7 27.Rd2 
Nh5 28.Be5 Re8 29.Rc5 f6 30.Bc7 Re7 31.Bxa5 Nf4 32.Bf1 Re1 33.g3 Bb5 34.
gxf4 Rxf1+ 35.Kg2 Rb1 36.Bc3 Bf1+ 37.Kf2 Bc4 38.a4 Rf1+ 39.Kg3 Rg1+ 40.Rg2
Ra1 41.a5 Ra7 42.b3 Ra3 43.bxc4 Rxc3 44.cxd5 Rd3 45.Rb2 Rxd4 46.Rb6 Kf7 
47.d6 Ke6 48.f5+ Kd7 49.a6 Rxd6 50.Rcb5 Rxb6 51.Rxb6 Kc7 52.Re6 Kd7 53.Kf4
Ra8 54.Ke4 Rb8 55.Kd5 Rb5+ 56.Ke4 Ra5 57.Rb6 Kc8 58.Rb7 g5 59.fxg6 hxg6 
60.Rb6 f5+ 61.Kf4 Kc7 62.Rxg6 Ra2 63.h4 Rh2 64.Rh6 Rh1 65.Rh7+ Kb8 66.a7+ 
Ka8 67.Kxf5 Rf1 68.f4 Ra1 69.h5 Ra5+ 70.Kg4 Ra4 71.h6 Rxf4+ 72.Kg5 Rf5+ 
73.Kg6 Rf6+ 74.Kg7 Rg6+ 75.Kf7 Rf6+ 76.Ke7 Re6+ 77.Kd7 Rd6+ 78.Kc7 Rc6+ 
79.Kd7 Rd6+ 80.Kc8 Rd8+ 81.Kc7 Rc8+ 82.Kb6 Rc6+ 83.Ka5 Ra6+ 84.Kb5 Rb6+ 
85.Kc4 Rc6+ 86.Kd4 Rd6+ 87.Ke4 Re6+ 88.Kf4 Rf6+ 89.Kg3 Rg6+ 90.Kf3 Rf6+ 
91.Kg3 Rg6+ 92.Kh4 Rg4+ 93.Kh5 Rg5+ 94.Kxg5 1/2-1/2

[Event "Flick-SM A"]
[Site "Limhamn"]
[Date "2016.01.23"]
[Round "3"]
[White "Weinman, Rina"]
[Black "Westin, Louise"]
[Result "0-1"]
[WhiteElo "1544"]
[BlackElo "1763"]
[WhiteTeam "Sollentuna SK"]
[BlackTeam "Limhamns SK"]

1.e4 e6 2.d4 d5 3.Nc3 Nc6 4.Nf3 Nf6 5.e5 Ne4 6.a3 Be7 7.Bd3 Nxc3 8.bxc3 
O-O 9.O-O f6 10.Re1 fxe5 11.Nxe5 Nxe5 12.Rxe5 Bf6 13.Re2 Qd6 14.a4 Qd7 15.
Re3 Qf7 16.Rf3 Qe8 17.Rh3 g6 18.Re3 Qf7 19.Rf3 Qd7 20.Re3 c6 21.Kh1 Qc7 
22.Kg1 e5 23.Bb2 e4 24.Bf1 Bg5 25.Re1 Qf4 26.Re2 Bg4 27.Bc1 Bxe2 28.Bxf4 
Bxd1 29.Rxd1 Bxf4 30.g3 Bd6 31.Bh3 Rf3 0-1

[Event "Flick-SM A"]
[Site "Limhamn"]
[Date "2016.01.23"]
[Round "3"]
[White "Paltzer, Brandy"]
[Black "Johansson, Stina"]
[Result "1-0"]
[WhiteElo "1590"]
[BlackElo "1340"]
[WhiteTeam "Täby SK"]
[BlackTeam "En Passant,Svedala"]

1.e4 e5 2.Nf3 Nc6 3.Nc3 a6 4.Bc4 Bc5 5.O-O d6 6.h3 Nf6 7.d3 h6 8.Nd5 Be6 
9.Bb3 Na5 10.Ne3 d5 11.exd5 Nxd5 12.Bxd5 Bxd5 13.Nxe5 Qg5 14.Nxd5 Qxe5 15.
Re1 Nc6 16.Rxe5+ Nxe5 17.Nxc7+ Ke7 18.Nxa8 Rxa8 19.d4 Rd8 20.c3 Nc6 21.
Qe2+ Kf8 22.dxc5 Re8 23.Be3 Ne7 24.Qf3 Nc6 25.Rd1 Rd8 26.Rxd8+ Nxd8 27.Qg4
Nc6 28.Qc8+ Ke7 29.Qxb7+ Kd8 30.Qxc6 a5 31.Qd6+ Kc8 32.Bf4 Kb7 33.Qc7+ Ka6
34.Qb6# 1-0

[Event "Flick-SM A"]
[Site "Limhamn"]
[Date "2016.01.23"]
[Round "4"]
[White "Weinman, Rina"]
[Black "Paltzer, Brandy"]
[Result "1/2-1/2"]
[WhiteElo "1544"]
[BlackElo "1590"]
[WhiteTeam "Sollentuna SK"]
[BlackTeam "Täby SK"]

1.e4 c5 2.Nf3 Nc6 3.d4 cxd4 4.Nxd4 Nf6 5.Nc3 a6 6.Be3 d6 7.f3 Bd7 8.Qd2 
Qc7 9.Be2 Ne5 10.O-O Nc4 11.Bxc4 Qxc4 12.Qd3 Qb4 13.Nb3 Be6 14.Rfd1 Qc4 
15.Qxc4 Bxc4 16.Bb6 Bxb3 17.axb3 g6 18.Rd3 Bg7 19.Rad1 O-O 20.Ne2 Rac8 21.
c3 Nd7 22.Bd4 Nc5 23.Bxc5 Rxc5 24.Nf4 Re8 25.Nd5 Rc6 26.Kf1 Kf8 27.Ke2 
Rec8 28.g3 h5 29.Kf1 Ke8 30.f4 Rc5 31.b4 R5c6 32.Ke2 Kf8 33.Kf3 Rb8 34.Ra1
Rcc8 35.Nb6 Rd8 36.Rad1 Ke8 37.Kg2 1/2-1/2

[Event "Flick-SM A"]
[Site "Limhamn"]
[Date "2016.01.23"]
[Round "4"]
[White "Johansson, Stina"]
[Black "Westin, Louise"]
[Result "1-0"]
[WhiteElo "1340"]
[BlackElo "1763"]
[WhiteTeam "En Passant,Svedala"]
[BlackTeam "Limhamns SK"]

1.e4 e6 2.d4 d5 3.e5 c5 4.Nf3 Nc6 5.Bf4 Qb6 6.c3 Qxb2 7.Nbd2 Qxc3 8.Rc1 
Qa5 9.Be3 cxd4 10.Bxd4 Bb4 11.Be3 f6 12.exf6 Nxf6 13.Bd3 O-O 14.O-O e5 15.
Nb3 Qd8 16.Bb5 Qe8 17.Bg5 Qe6 18.Nc5 Qd6 19.Nd3 e4 20.Nxb4 Nxb4 21.Nd4 Ng4
22.g3 Qg6 23.Be7 Qh6 24.h4 Nxa2 25.Rxc8 Rfxc8 26.Qxg4 a6 27.Bd7 Rc4 28.Nf5
Qg6 29.Qd1 Nc3 30.Qd2 b5 31.Rc1 Rc7 32.h5 Qf7 33.Rxc3 Rxd7 34.Qg5 d4 35.
Nh6+ Kh8 36.Nxf7+ Kg8 37.Nh6+ Kh8 38.Nf5 Rg8 39.h6 Rxe7 40.Qxe7 1-0

[Event "Flick-SM A"]
[Site "Limhamn"]
[Date "2016.01.24"]
[Round "5"]
[White "Weinman, Rina"]
[Black "Johansson, Stina"]
[Result "1-0"]
[WhiteElo "1544"]
[BlackElo "1340"]
[WhiteTeam "Sollentuna SK"]
[BlackTeam "En Passant,Svedala"]

1.e4 e5 2.Nf3 Nc6 3.Bc4 Bc5 4.c3 Nf6 5.d4 exd4 6.cxd4 Bb4+ 7.Nc3 Nxe4 8.
O-O Nxc3 9.bxc3 Bxc3 10.Qb3 Bxa1 11.Bxf7+ Kf8 12.Bg5 Nxd4 13.Qb4+ c5 14.
Qe1 Nxf3+ 15.gxf3 Qxg5+ 16.Kh1 Kxf7 17.Qxa1 d6 18.Rg1 Qe5 19.Qc1 Rf8 20.
Re1 Qf5 21.Qc3 Bd7 22.Rg1 Qxf3+ 23.Qxf3+ Kg8 24.Qb3+ Kh8 25.Qxb7 Rad8 26.
Qc7 d5 27.Rg5 d4 28.Rd5 c4 29.Rxd7 Rc8 30.Qe5 Rf6 31.Qxd4 c3 32.Rd8+ Rxd8 
33.Qxd8+ Rf8 34.Qxf8# 1-0

[Event "Flick-SM A"]
[Site "Limhamn"]
[Date "2016.01.24"]
[Round "5"]
[White "Paltzer, Brandy"]
[Black "Westin, Louise"]
[Result "0-1"]
[WhiteElo "1590"]
[BlackElo "1763"]
[WhiteTeam "Täby SK"]
[BlackTeam "Limhamns SK"]

1.e4 e6 2.d4 d5 3.exd5 exd5 4.Nf3 Bd6 5.Be2 Ne7 6.O-O Bf5 7.Bg5 f6 8.Bh4 
Nbc6 9.c3 Qd7 10.Nbd2 O-O-O 11.Nb3 g5 12.Bg3 h5 13.Bxd6 Qxd6 14.Nc5 Rdg8 
15.a4 h4 16.a5 g4 17.Nd2 g3 18.fxg3 hxg3 19.h3 Bxh3 20.gxh3 g2 21.Bg4+ f5 
22.Bxf5+ Nxf5 23.Rxf5 Rxh3 24.Kf2 Qg3+ 25.Ke2 Qe3# 0-1

[Event "Flick-SM A"]
[Site "Limhamn"]
[Date "2016.01.24"]
[Round "6"]
[White "Westin, Louise"]
[Black "Weinman, Rina"]
[Result "1-0"]
[WhiteElo "1763"]
[BlackElo "1544"]
[WhiteTeam "Limhamns SK"]
[BlackTeam "Sollentuna SK"]

1.d4 Nf6 2.c4 e6 3.Nc3 Bb4 4.f3 d5 5.a3 Bxc3+ 6.bxc3 O-O 7.Qc2 b6 8.e4 
dxc4 9.Bxc4 Ba6 10.Bxa6 Nxa6 11.Ne2 c5 12.O-O Rc8 13.Qd3 Nb8 14.Bg5 h6 15.
Bh4 g5 16.Bg3 cxd4 17.cxd4 Re8 18.h4 Nh5 19.hxg5 Nxg3 20.Nxg3 Qxg5 21.f4 
Qg4 22.e5 Nc6 23.Ne4 Qg7 24.Nf6+ Kh8 25.Nxe8 Rxe8 26.Qb5 Rc8 27.Rac1 Ne7 
28.Rxc8+ Nxc8 29.Qe8+ Qg8 30.Qxg8+ Kxg8 31.Rc1 Ne7 32.Kf2 Kf8 33.Ke3 Ke8 
34.Ke4 Kf8 35.g4 Nd5 36.f5 Kg8 37.Rc8+ Kg7 38.Ra8 a5 39.Ra7 Nc3+ 40.Kd3 
Nb5 41.Rb7 exf5 42.gxf5 Kf8 43.Rxb6 Nxa3 44.Rxh6 Nb5 45.Ra6 Nc7 46.Rxa5 
1-0

[Event "Flick-SM A"]
[Site "Limhamn"]
[Date "2016.01.24"]
[Round "6"]
[White "Johansson, Stina"]
[Black "Paltzer, Brandy"]
[Result "0-1"]
[WhiteElo "1340"]
[BlackElo "1590"]
[WhiteTeam "En Passant,Svedala"]
[BlackTeam "Täby SK"]

1.e4 e5 2.Nf3 Nc6 3.d4 exd4 4.Nxd4 Qf6 5.Be3 Bc5 6.Nb5 Bxe3 7.fxe3 Kd8 8.
N1c3 a6 9.Nd4 Nge7 10.Bc4 Ne5 11.Rf1 Qh4+ 12.g3 Qxh2 13.Bxf7 Qxg3+ 14.Ke2 
d6 15.Rg1 Bg4+ 16.Kd2 Qf2+ 17.Nce2 Qxf7 18.Qe1 c5 19.Qg3 cxd4 20.exd4 Nc4+
21.Kc3 Bxe2 22.b3 Qf3+ 23.Qxf3 Bxf3 24.Kxc4 Bxe4 25.Rae1 Rc8+ 26.Kb4 Nd5+ 
27.Ka3 Bxc2 28.Rxg7 Rc7 29.Rg5 Nc3 30.Re6 Nb5+ 31.Ka4 b6 32.Kb4 Re8 33.Rh6
Bg6 34.Rd5 Re4 35.a4 Rxd4+ 36.Rxd4 Nxd4 37.Rh4 Nc2# 0-1

[Event "Flick-SM B"]
[Site "Limhamn"]
[Date "2016.01.23"]
[Round "3"]
[White "Sixt, Ylva"]
[Black "Jepson, Tilda"]
[Result "1-0"]
[WhiteElo "1068"]
[BlackElo "1280"]
[WhiteTeam "IFK Hindås"]
[BlackTeam "Limhamns SK"]

1.e4 e5 2.Nf3 Nc6 3.Bc4 Nf6 4.Ng5 d5 5.exd5 Ne7 6.d6 Ned5 7.dxc7 Qxc7 8.d3
g6 9.O-O Bg7 10.Re1 O-O 11.Bd2 Be6 12.Nxe6 fxe6 13.Nc3 e4 14.g3 a6 15.Bb3 
Rfe8 16.dxe4 Nxc3 17.Bxc3 Rad8 18.Qe2 b5 19.Qf3 Rf8 20.Bxe6+ Kh8 21.Rad1 
Rde8 22.Bb3 a5 23.a4 b4 24.Bd4 Qc8 25.Qd3 Qh3 26.Bxf6 Rxf6 27.Qd7 Ref8 28.
Qxh3 Rxf2 29.Rf1 Re2 30.Rxf8+ Bxf8 31.Qc8 Kg7 32.Rd7+ Kh6 33.Qxf8+ Kh5 34.
Rxh7+ Kg5 35.Qf4# 1-0

[Event "Flick-SM B"]
[Site "Limhamn"]
[Date "2016.01.23"]
[Round "3"]
[White "Mamadova, Saida"]
[Black "Nilsson, Kajsa"]
[Result "1-0"]
[WhiteElo "1517"]
[BlackElo "1673"]
[WhiteTeam "Limhamns SK"]
[BlackTeam "Nolereds SK"]

1.d4 Nf6 2.c4 e5 3.dxe5 Ng4 4.e3 Nxe5 5.Nf3 Nec6 6.Nc3 Be7 7.a3 a5 8.Bd3 
O-O 9.O-O Na6 10.Qc2 h6 11.Rd1 Nc5 12.Be2 d6 13.h3 Be6 14.b3 Qd7 15.Bb2 
Bf5 16.e4 Bg6 17.Bd3 Bf6 18.Re1 Nd4 19.Nxd4 Bxd4 20.Rab1 f5 21.exf5 Nxd3 
22.Qxd3 Bxf2+ 23.Kxf2 Bxf5 24.Qd5+ Kh8 25.Kg1 Bxb1 26.Rxb1 c6 27.Qd4 Rf7 
28.Ne4 Rd8 29.Rd1 d5 30.Nc5 Qf5 31.Qe3 Qc2 32.Rd2 Qb1+ 33.Kh2 Qf5 34.cxd5 
Rxd5 35.Rxd5 cxd5 36.Nd3 Kg8 37.Nc5 Kf8 38.Nd3 Re7 39.Qc5 Qxd3 40.Bxg7+ 
Kf7 41.Bc3 Ke6 42.Qb6+ Kf5 43.Qf6+ Ke4 44.Qxe7+ Kf4 45.Qe5# 1-0

[Event "Flick-SM B"]
[Site "Limhamn"]
[Date "2016.01.23"]
[Round "3"]
[White "Golubenko, Alexandra"]
[Black "Johansson, Elizabeth"]
[Result "0-1"]
[WhiteElo "1353"]
[BlackElo "1403"]
[WhiteTeam "Limhamns SK"]
[BlackTeam "Eslövs SK"]

1.e4 e5 2.Nf3 Nc6 3.d4 exd4 4.Bc4 h6 5.Nxd4 Nxd4 6.Qxd4 d6 7.Qd5 Qd7 8.O-O
Nf6 9.Qd3 Be7 10.Nc3 a6 11.Re1 b5 12.Bb3 c5 13.e5 dxe5 14.Qxd7+ Bxd7 15.
Bd5 Nxd5 16.Nxd5 Bd6 17.Nb6 Rb8 18.Nxd7 Kxd7 19.Be3 Rhe8 20.Rad1 Kc6 21.f3
g5 22.Kf2 e4 23.Rd2 exf3 24.Kxf3 f5 25.Rde2 f4 26.Bf2 Rxe2 27.Rxe2 h5 28.
Re6 g4+ 29.Ke4 Rf8 30.c3 f3 31.g3 Rf7 32.b4 c4 33.Bc5 Rd7 34.Bxd6 Rxd6 35.
Rxd6+ Kxd6 36.Kf4 Kd5 37.Ke3 Ke5 38.a3 Kd5 39.Kf4 f2 40.Ke3 f1=Q 0-1

[Event "Flick-SM B"]
[Site "Limhamn"]
[Date "2016.01.23"]
[Round "3"]
[White "Nabbing, Johanna"]
[Black "Cao-Chang, Lina"]
[Result "0-1"]
[WhiteElo "1028"]
[BlackElo "1747"]
[WhiteTeam "SS Manhem"]
[BlackTeam "Stockholms SS"]

1.Nc3 d5 2.d4 Bf5 3.Nf3 e6 4.g3 Nc6 5.Bg2 Nb4 6.O-O Nxc2 7.Rb1 Nb4 8.Ra1 
Bd6 9.a3 Nc6 10.Re1 Nf6 11.Bg5 h6 12.Bxf6 Qxf6 13.e4 dxe4 14.Nxe4 Bxe4 15.
Rxe4 O-O 16.Qd2 Ne7 17.Ne5 Bxe5 18.dxe5 Qf5 19.Qf4 Qxf4 20.Rxf4 c6 21.Rd4 
Rfd8 22.Rad1 Nd5 23.Bxd5 exd5 24.b4 a6 25.Re1 Re8 26.a4 Re6 27.b5 axb5 28.
axb5 Rae8 29.f4 f6 30.bxc6 bxc6 31.Ra4 fxe5 32.fxe5 Rxe5 33.Rxe5 Rxe5 34.
Ra8+ Kf7 35.Ra7+ Kf6 36.Ra6 Re6 37.Kf2 Kf5 38.Kf3 h5 39.h3 Ke5 40.h4 c5 
41.Ra7 g6 42.Ra1 Rf6+ 43.Ke3 d4+ 44.Kd3 Kd5 45.Rg1 Rf3+ 46.Ke2 Re3+ 47.Kd2
c4 48.g4 c3+ 49.Kc1 hxg4 50.Rxg4 Re4 51.Rg5+ Kc4 52.Rxg6 Rxh4 53.Rg2 Rh1+ 
54.Kc2 d3# 0-1

[Event "Flick-SM B"]
[Site "Limhamn"]
[Date "2016.01.23"]
[Round "4"]
[White "Cao-Chang, Lina"]
[Black "Johansson, Elizabeth"]
[Result "1-0"]
[WhiteElo "1747"]
[BlackElo "1403"]
[WhiteTeam "Stockholms SS"]
[BlackTeam "Eslövs SK"]

1.e4 e5 2.Nf3 Nc6 3.Bb5 a6 4.Ba4 Nf6 5.O-O Be7 6.d3 b5 7.Bb3 d6 8.a4 Bd7 
9.Nc3 Na5 10.Bd2 Nxb3 11.cxb3 O-O 12.Ne2 Nh5 13.h3 f5 14.Nc3 Nf6 15.Qe2 c6
16.exf5 Bxf5 17.d4 e4 18.Nh4 Be6 19.Bg5 Bxb3 20.axb5 cxb5 21.Qe3 b4 22.
Nxe4 Nxe4 23.Bxe7 Qxe7 24.Qxb3+ Kh8 25.Nf3 Rxf3 26.Qxf3 Nd2 27.Qxa8+ Qf8 
28.Qxf8# 1-0

[Event "Flick-SM B"]
[Site "Limhamn"]
[Date "2016.01.23"]
[Round "4"]
[White "Jepson, Tilda"]
[Black "Lauridsen, Linnea"]
[Result "0-1"]
[WhiteElo "1280"]
[BlackElo "1100"]
[WhiteTeam "Limhamns SK"]
[BlackTeam "Helsingborgs ASK"]

1.e4 e5 2.Nf3 Nc6 3.g3 d6 4.Bg2 Nf6 5.Nc3 Be7 6.O-O Bg4 7.h3 Bxf3 8.Qxf3 
O-O 9.d3 Nd4 10.Qd1 Qd7 11.Nd5 Nxd5 12.exd5 c6 13.c3 Nf5 14.c4 cxd5 15.
cxd5 Rac8 16.Qg4 h6 17.Be4 g6 18.Bxh6 Rfd8 19.Rfe1 Nxh6 20.Qf3 Qxh3 21.Re3
Rc2 22.d4 exd4 23.Bxc2 dxe3 24.Qxe3 Re8 25.Qxa7 Ng4 26.Qd4 Bf6 27.Qb6 Qh2+
28.Kf1 Qh1# 0-1

[Event "Flick-SM B"]
[Site "Limhamn"]
[Date "2016.01.23"]
[Round "4"]
[White "Nilsson, Kajsa"]
[Black "Sixt, Ylva"]
[Result "1-0"]
[WhiteElo "1673"]
[BlackElo "1068"]
[WhiteTeam "Nolereds SK"]
[BlackTeam "IFK Hindås"]

1.e4 e5 2.Nf3 Nc6 3.Bb5 d6 4.d4 Bg4 5.d5 a6 6.Bxc6+ bxc6 7.dxc6 Ne7 8.O-O 
Nxc6 9.Qd5 Ne7 10.Qd3 g6 11.h3 Be6 12.Nc3 Bg7 13.Be3 O-O 14.Qd2 Re8 15.Bg5
Qd7 16.Bh6 Bf6 17.Ng5 Bf5 18.Nd5 Nxd5 19.Qxd5 Be6 20.Nxe6 fxe6 21.Qd3 g5 
22.Qe3 Qe7 23.g3 c6 24.f4 gxf4 25.gxf4 Qf7 26.fxe5 Qg6+ 27.Kh1 Bxe5 28.Rg1
Qxg1+ 29.Rxg1+ Kf7 30.Qf3+ Ke7 31.Bg5+ Kd7 32.Qf7+ Kc8 33.Qxe8+ Kb7 34.
Qxe6 Kc7 35.Rf1 Kb6 36.Be3+ c5 37.Rf7 Ka5 38.Bd2+ Kb6 39.Qb3+ Kc6 40.Qb7# 
1-0

[Event "Flick-SM B"]
[Site "Limhamn"]
[Date "2016.01.23"]
[Round "4"]
[White "Mamadova, Saida"]
[Black "Golubenko, Alexandra"]
[Result "1/2-1/2"]
[WhiteElo "1517"]
[BlackElo "1353"]
[WhiteTeam "Limhamns SK"]
[BlackTeam "Limhamns SK"]

1.d4 d5 2.c4 e5 3.dxe5 d4 4.Nf3 Nc6 5.e3 Bb4+ 6.Bd2 dxe3 7.fxe3 Nge7 8.Be2
Bxd2+ 9.Nbxd2 O-O 10.O-O Ng6 11.Qc2 Ngxe5 12.Nxe5 Nxe5 13.Rad1 Qg5 14.Qe4 
Re8 15.Nf3 Nxf3+ 16.Qxf3 Be6 17.Kh1 Qc5 18.Rd4 Rad8 19.Rh4 Rd2 20.h3 Qg5 
21.Rh5 Qg6 22.Rh4 Qg5 23.Rh5 Qg6 24.Re5 f6 25.Rc5 1/2-1/2

[Event "Flick-SM B"]
[Site "Limhamn"]
[Date "2016.01.23"]
[Round "5"]
[White "Golubenko, Alexandra"]
[Black "Cao-Chang, Lina"]
[Result "0-1"]
[WhiteElo "1353"]
[BlackElo "1747"]
[WhiteTeam "Limhamns SK"]
[BlackTeam "Stockholms SS"]

1.e4 c5 2.Nf3 Nc6 3.c3 Nf6 4.e5 Nd5 5.d4 cxd4 6.cxd4 e6 7.Be2 d6 8.O-O Qc7
9.Re1 dxe5 10.dxe5 Bb4 11.Bd2 Bc5 12.Nc3 Nxc3 13.Bxc3 O-O 14.Qc2 Qb6 15.
Bd3 h6 16.a3 a5 17.Rad1 Ne7 18.Bd4 Bxd4 19.Nxd4 Bd7 20.Nb3 Ba4 21.Bc4 Rac8
22.Rd6 Qc7 23.Rc1 b5 24.Bd3 Qxc2 25.Bxc2 Bxb3 26.Rd2 Rc7 27.f3 Rfc8 28.Bd3
0-1

[Event "Flick-SM B"]
[Site "Limhamn"]
[Date "2016.01.23"]
[Round "5"]
[White "Sixt, Ylva"]
[Black "Skans, Marjana"]
[Result "1-0"]
[WhiteElo "1068"]
[BlackElo "1243"]
[WhiteTeam "IFK Hindås"]
[BlackTeam "Limhamns SK"]

1.e4 e6 2.d4 d5 3.Nc3 c5 4.Nf3 Nc6 5.Be3 Nf6 6.e5 Ng4 7.Bb5 Nxe3 8.fxe3 a6
9.Be2 c4 10.O-O Bb4 11.Qe1 b5 12.Qg3 g6 13.Ng5 Bd7 14.Nxf7 Bxc3 15.Nxd8 
Bxb2 16.Rab1 Bc3 17.Nxc6 Bxc6 18.Qf4 Kd8 19.Qf6+ Kc7 20.Qe7+ Bd7 21.Bg4 
Kc8 22.Rf8+ Rxf8 23.Qxf8+ Be8 24.Bxe6+ Kb7 25.Qe7+ Kb8 26.Bxd5 Bf7 27.Qb7#
1-0

[Event "Flick-SM B"]
[Site "Limhamn"]
[Date "2016.01.23"]
[Round "5"]
[White "Johansson, Elizabeth"]
[Black "Nilsson, Kajsa"]
[Result "1-0"]
[WhiteElo "1403"]
[BlackElo "1673"]
[WhiteTeam "Eslövs SK"]
[BlackTeam "Nolereds SK"]

1.e4 e5 2.Nf3 Nc6 3.Bc4 Nf6 4.d3 Be7 5.c3 d6 6.Bb3 Bg4 7.Nbd2 d5 8.Qc2 Bc5
9.Ba4 Bd6 10.Bxc6+ bxc6 11.O-O O-O 12.Re1 Nd7 13.d4 Qe7 14.exd5 cxd5 15.
dxe5 Nxe5 16.Nxe5 Bxe5 17.h3 Bh5 18.Qf5 Bh2+ 19.Kf1 Qh4 20.g3 Bg4 21.Qxg4 
Qxg4 22.hxg4 f5 23.gxf5 Rxf5 24.Kg2 Raf8 25.f3 Bxg3 26.Kxg3 Rg5+ 27.Kf2 
Rgf5 28.Re3 g5 29.Kg3 h5 30.b3 Rf4 31.Ba3 R8f7 32.Rh1 h4+ 33.Kh3 Kg7 34.
Rg1 Kh6 35.Rg4 Kh5 36.Rxf4 Rxf4 37.Re5 d4 38.Be7 dxc3 39.Rxg5+ Kh6 40.Rd5 
cxd2 41.Bg5+ Kg6 42.Bxf4 d1=Q 43.Rxd1 1-0

[Event "Flick-SM B"]
[Site "Limhamn"]
[Date "2016.01.23"]
[Round "5"]
[White "Lauridsen, Linnea"]
[Black "Mamadova, Saida"]
[Result "1/2-1/2"]
[WhiteElo "1100"]
[BlackElo "1517"]
[WhiteTeam "Helsingborgs ASK"]
[BlackTeam "Limhamns SK"]

1.c4 e5 2.Nc3 Nf6 3.d3 Be7 4.Nf3 Nc6 5.g3 O-O 6.Bg2 d6 7.O-O Be6 8.Be3 Qd7
9.Qd2 Bh3 10.Bg5 Be6 11.Bxf6 Bxf6 12.Rac1 Be7 13.a3 h6 14.b4 f5 15.e4 f4 
16.Nd5 fxg3 17.fxg3 Bd8 18.b5 Ne7 19.Qe3 c6 20.bxc6 bxc6 21.Nxe7+ Qxe7 22.
Qe2 Bg4 23.Kh1 Rb8 24.Rb1 Bb6 25.Qd2 Qe6 26.Qc3 Bxf3 27.Bxf3 Kh8 28.Bg2 
Kg8 29.Rxf8+ Rxf8 30.Rf1 Rf6 31.Qd2 Qf7 32.Qe2 Kh8 33.h4 Rxf1+ 34.Qxf1 Qe7
35.Kh2 a6 36.Qf5 Bd4 37.Qc8+ Kh7 38.Qxa6 Qc7 39.Qa4 Kh8 40.Qb4 Kh7 41.a4 
Kh8 42.a5 Kh7 43.g4 Bc5 44.Qd2 Qf7 45.Qe2 Qf4+ 46.Kh3 Qf7 47.Qf3 Qc7 48.
Qg3 Qxa5 49.g5 hxg5 50.Qxg5 Qc7 51.h5 Qd7+ 52.Kh4 Qf7 53.Bh3 Bf2+ 54.Kg4 
Bd4 55.Kg3 Qf2+ 56.Kg4 Qg1+ 57.Kf5 Qf2+ 58.Ke6 Bc5 59.Qg6+ Kg8 60.h6 Qf8 
61.hxg7 Qc8+ 62.Kf6 Qd8+ 63.Kf5 Qd7+ 64.Qe6+ Qf7+ 65.Qxf7+ Kxf7 66.Kg5 
Kxg7 67.Bd7 Kf7 68.Kf5 Ke7 69.Bxc6 Bd4 70.Kg4 Bc5 1/2-1/2

[Event "Flick-SM B"]
[Site "Limhamn"]
[Date "2016.01.23"]
[Round "6"]
[White "Nilsson, Kajsa"]
[Black "Skans, Marjana"]
[Result "1-0"]
[WhiteElo "1673"]
[BlackElo "1243"]
[WhiteTeam "Nolereds SK"]
[BlackTeam "Limhamns SK"]

1.e4 e6 2.d4 d5 3.Nd2 c5 4.exd5 Qxd5 5.Ngf3 Nf6 6.Bc4 Qd8 7.Nb3 b6 8.O-O 
Nc6 9.Be3 Bd6 10.dxc5 bxc5 11.Nxc5 Nb4 12.Qd2 Bxc5 13.Qxd8+ Kxd8 14.Bxc5 
Nxc2 15.Rad1+ Bd7 16.Ne5 Rb8 17.Nxf7+ Kc7 18.Nxh8 Rxh8 19.f3 e5 20.Rf2 Bf5
21.Bb3 Rd8 22.Rxd8 Kxd8 23.Bxc2 Bxc2 24.Rxc2 e4 25.Rd2+ Kc8 26.Bxa7 exf3 
27.gxf3 h5 28.Bd4 Nd5 29.Bxg7 Ne3 30.Rd6 Kc7 31.Rh6 Nf5 32.Rxh5 Nxg7 33.
Rh7 Kc6 34.Rxg7 Kc5 35.Rg4 Kd5 36.h4 Ke5 37.h5 Kf5 38.h6 Ke5 39.h7 Kf5 40.
h8=Q Ke6 41.Qh5 Kf6 42.Rg6+ Kf7 43.Qh7+ Kf8 44.Rg8# 1-0

[Event "Flick-SM B"]
[Site "Limhamn"]
[Date "2016.01.23"]
[Round "6"]
[White "Golubenko, Alexandra"]
[Black "Sixt, Ylva"]
[Result "1-0"]
[WhiteElo "1353"]
[BlackElo "1068"]
[WhiteTeam "Limhamns SK"]
[BlackTeam "IFK Hindås"]

1.e4 e5 2.Nf3 Nc6 3.d4 f6 4.Bc4 d6 5.dxe5 fxe5 6.Ng5 Nh6 7.O-O Be7 8.Qh5+ 
g6 9.Qxh6 Rf8 10.Nxh7 Rh8 11.Qxg6+ Kd7 12.Be6# 1-0

[Event "Flick-SM B"]
[Site "Limhamn"]
[Date "2016.01.23"]
[Round "6"]
[White "Lauridsen, Linnea"]
[Black "Johansson, Elizabeth"]
[Result "0-1"]
[WhiteElo "1100"]
[BlackElo "1403"]
[WhiteTeam "Helsingborgs ASK"]
[BlackTeam "Eslövs SK"]

1.c4 c6 2.Nc3 d5 3.d3 Nf6 4.Nf3 e6 5.g3 Nbd7 6.Bg2 Be7 7.O-O O-O 8.Be3 e5 
9.Ng5 d4 10.Bd2 dxc3 11.Bxc3 h6 12.Ne4 Nxe4 13.Bxe4 Bd6 14.Qd2 f5 15.Bg2 
Nf6 16.e3 Be6 17.b3 Qd7 18.Rac1 f4 19.e4 Bh3 20.Qe2 Bxg2 21.Kxg2 Qg4 22.
Qxg4 Nxg4 23.f3 Ne3+ 24.Kg1 Nxf1 25.Rxf1 fxg3 26.hxg3 Rf7 27.Bd2 Raf8 28.
Kg2 g5 29.g4 Kg7 30.Kg3 Kg6 31.b4 b6 32.a4 c5 33.b5 h5 34.gxh5+ Kxh5 35.
Kg2 g4 36.fxg4+ Kxg4 37.Rxf7 Rxf7 38.Be1 Rf3 39.Kg1 Rxd3 40.Bf2 Kf3 41.Kh2
Kxf2 42.Kh1 Rh3# 0-1

[Event "Flick-SM B"]
[Site "Limhamn"]
[Date "2016.01.23"]
[Round "6"]
[White "Cao-Chang, Lina"]
[Black "Mamadova, Saida"]
[Result "1/2-1/2"]
[WhiteElo "1747"]
[BlackElo "1517"]
[WhiteTeam "Stockholms SS"]
[BlackTeam "Limhamns SK"]

1.e4 e5 2.Nf3 Nc6 3.Bb5 d6 4.d4 Bd7 5.d5 Nce7 6.Bxd7+ Qxd7 7.O-O Ng6 8.c4 
a5 9.Be3 Nf6 10.Nc3 Be7 11.h3 O-O 12.a3 Nh5 13.Nxe5 Nxe5 14.Qxh5 Nxc4 15.
Qe2 Nxe3 16.Qxe3 Bf6 17.Qe2 Rfe8 18.Rac1 Bxc3 19.Rxc3 Rac8 20.Qc2 h6 21.
Rc1 Re7 22.f3 Kf8 23.Qb1 Kg8 24.b4 axb4 25.Qxb4 b5 26.Rc6 Ra8 27.Qxb5 Rxa3
28.Qb8+ Re8 29.Qxc7 Qxc7 30.Rxc7 Ra6 31.Rd7 Rb8 32.Rc6 Ra2 33.Rdxd6 Rbb2 
34.Ra6 Rxg2+ 35.Kf1 Rgf2+ 36.Kg1 Rg2+ 37.Kf1 Rgf2+ 38.Ke1 Rfe2+ 39.Kd1 
Rad2+ 40.Kc1 Rc2+ 41.Kb1 Rcd2 42.Rdc6 Rd1+ 43.Rc1 Rdd2 1/2-1/2

[Event "Flick-SM B"]
[Site "Limhamn"]
[Date "2016.01.24"]
[Round "7"]
[White "Nabbing, Johanna"]
[Black "Mamadova, Saida"]
[Result "0-1"]
[WhiteElo "1028"]
[BlackElo "1517"]
[WhiteTeam "SS Manhem"]
[BlackTeam "Limhamns SK"]

1.Nf3 Nf6 2.g3 Nc6 3.Bg2 e5 4.d3 Be7 5.e4 d6 6.Be3 O-O 7.O-O Be6 8.d4 Bc4 
9.Re1 Nxe4 10.Nfd2 Nxd2 11.Qxd2 exd4 12.Bxd4 Be6 13.Nc3 Qd7 14.Rad1 Nxd4 
15.Qxd4 Bf6 16.Qe4 Rab8 17.Qd3 Bf5 18.Be4 Bxe4 19.Nxe4 Bxb2 20.Ng5 g6 21.
Qe4 Bf6 22.Qf4 Bxg5 23.Qxg5 Rfe8 24.Qd2 Qa4 25.Qc3 Rxe1+ 26.Rxe1 Qd7 27.
Qe3 b6 28.Qe7 Qxe7 29.Rxe7 Rc8 30.Kf1 Kf8 31.Re3 c5 32.Rd3 Rd8 33.c4 f5 
34.Rb3 d5 35.cxd5 Rxd5 36.Re3 Kf7 37.f4 c4 38.a4 Ra5 39.Rc3 Rxa4 40.h4 b5 
41.Kf2 Ra6 42.Kf3 Rc6 43.g4 b4 44.Rc2 b3 45.Rb2 fxg4+ 46.Kxg4 c3 47.Rxb3 
c2 48.Rb7+ Kf6 49.Rxa7 c1=Q 50.Rxh7 Qg1+ 51.Kf3 Rc3+ 52.Ke2 Qe3+ 53.Kf1 
Rc2 54.f5 Qf2# 0-1

[Event "Flick-SM B"]
[Site "Limhamn"]
[Date "2016.01.24"]
[Round "7"]
[White "Jepson, Tilda"]
[Black "Golubenko, Alexandra"]
[Result "0-1"]
[WhiteElo "1280"]
[BlackElo "1353"]
[WhiteTeam "Limhamns SK"]
[BlackTeam "Limhamns SK"]

1.e4 e5 2.Nf3 Nc6 3.Nc3 Nf6 4.g3 Bc5 5.Bg2 d6 6.O-O Be6 7.Ng5 Bg4 8.Qe1 
Nd4 9.d3 h6 10.f3 Nxf3+ 11.Kh1 Nxe1 12.Rxe1 hxg5 13.Bxg5 Qd7 14.Bh4 Bh3 
15.Bxh3 Qxh3 16.Re2 O-O-O 17.Nb5 Qg4 18.Rg2 g5 19.Rf1 gxh4 20.gxh4 Qxh4 
21.Nxa7+ Bxa7 22.d4 Bxd4 23.c3 Be3 24.Rf3 Qe1+ 25.Rg1 Qxg1# 0-1

[Event "Flick-SM B"]
[Site "Limhamn"]
[Date "2016.01.24"]
[Round "7"]
[White "Johansson, Elizabeth"]
[Black "Sixt, Ylva"]
[Result "1-0"]
[WhiteElo "1403"]
[BlackElo "1068"]
[WhiteTeam "Eslövs SK"]
[BlackTeam "IFK Hindås"]

1.e4 e5 2.Nf3 Nc6 3.Bc4 Bc5 4.c3 Nf6 5.d3 O-O 6.Bb3 d6 7.h3 h6 8.Nbd2 a6 
9.Nf1 Re8 10.Ng3 d5 11.O-O Na5 12.Bxd5 Nxd5 13.exd5 Qxd5 14.b4 Bxb4 15.
cxb4 Nc6 16.a3 Bd7 17.Re1 Nd4 18.Nxd4 Qxd4 19.Be3 Qd5 20.f3 Qe6 21.d4 Qg6 
22.dxe5 Be6 23.Bf2 h5 24.Kh2 Rad8 25.Qe2 Qg5 26.Qe3 Qg6 27.Qe4 f5 28.exf6 
Qxf6 29.Nxh5 Qg5 30.Bh4 Qxh5 31.Bxd8 c6 32.g4 Qf7 33.Rad1 1-0